| 000 | 01009nam a2200241 a 4500 | ||
|---|---|---|---|
| 001 | 1958612 | ||
| 003 | ARRUPE | ||
| 005 | 20131205141036.0 | ||
| 008 | 871215s1985 cg 000 0 fre | ||
| 010 | _a 87210589 | ||
| 040 |
_aDLC _cDLC _dDLC |
||
| 050 | 0 | 0 |
_aBX1913. _bR745 1985 |
| 110 | 2 |
_aCatholic Church. _bArchdiocese of Kinshasa (Zaire). _bCommission des ministères laïcs. _95220 |
|
| 245 | 1 | 0 |
_aRôle et fonctions du mokambi (responsable laïc) de paroisse : _brôle et fonctions de l'assistant(e) paroissial(e) et de l'animateur pastoral / _cpréface par S. Em. le Cardinal Malula. |
| 260 |
_a[Kinshasa] : _bArchidiocèse de Kinshasa, Commission des ministères laïcs, _c1985. |
||
| 300 |
_a120 p. ; _c21 cm. |
||
| 610 | 2 | 0 |
_aCatholic Church _xGovernment. _95221 |
| 650 | 0 |
_aLaity _xCatholic Church. _95222 |
|
| 650 | 0 |
_aPastoral theology _xCatholic Church. _95223 |
|
| 906 |
_a7 _bcbc _corignew _d4 _encip _f19 _gy-gencatlg |
||
| 942 |
_2lcc _cMONOGRAPH |
||
| 999 |
_c119107 _d119107 |
||